Loading...
| History - World | 0 | 4 | 0 | 1 | 40 | 31 | 59.25 | 3 | 4 | 16.16 | 30.07 |
| Science - Physics | 0 | 4 | 2 | 1 | 30 | 95 | 110.25 | 1 | 2 | 3.38 | 19.93 |
| Science - Biology | 0 | 3 | 1 | 2 | 25 | 47 | 68.00 | 0 | 2 | 9.43 | 15.52 |
| Geography | 0 | 2 | 0 | 0 | 20 | 37 | 41.00 | 2 | 2 | 43.56 | 66.67 |
| Fine Arts - Classical Music | 0 | 2 | 0 | 0 | 20 | 68 | 90.00 | 1 | 2 | 4.12 | 13.08 |
| Other Academic | 0 | 1 | 0 | 0 | 10 | 93 | 93.00 | 0 | 1 | 7.06 | 23.33 |
| History - Other | 0 | 1 | 0 | 0 | 10 | 82 | 82.00 | 0 | 1 | 2.52 | 6.29 |
| Literature - British | 0 | 1 | 0 | 0 | 10 | 78 | 78.00 | 1 | 1 | 3.44 | 7.69 |
| Current Events | 0 | 1 | 0 | 0 | 10 | 50 | 50.00 | 0 | 1 | 15.31 | 20.00 |
| Science - Other | 0 | 1 | 0 | 0 | 10 | 68 | 68.00 | 0 | 0 | 2.56 | 4.90 |
| Religion | 0 | 1 | 1 | 1 | 5 | 119 | 119.00 | 1 | 1 | 0.00 | 7.69 |
| Science - Chemistry | 0 | 0 | 0 | 0 | 0 | 0.00 | 0 | 0 | 0.00 | 0.00 |